Statistics for TSN's Top 50 NHL Players 2020-2021

Click here to take the quiz!

General Stats

  • This quiz has been taken 627 times
    (157 since last reset)
  • The average score is 39 of 50

Answer Stats

#Player% Correct
1Connor McDavid
99%
7Sidney Crosby
99%
2Nathan MacKinnon
99%
3Leon Draisaitl
99%
4Auston Matthews
98%
8Jack Eichel
96%
12Alexander Ovechkin
96%
13Patrick Kane
95%
18Brad Marchand
94%
6Artemi Panarin
92%
40Steven Stamkos
91%
9David Pastrňák
90%
14Elias Pettersson
89%
20Mitch Marner
88%
19Evgeni Malkin
88%
46Patrik Laine
88%
5Victor Hedman
87%
11Roman Josi
87%
30Patrice Bergeron
85%
10Brayden Point
82%
45Blake Wheeler
80%
38John Tavares
80%
23Sebastian Aho
80%
24Aleksander Barkov
80%
34Mathew Barzal
78%
25Matthew Tkachuk
78%
26Jonathan Huberdeau
76%
17Andrei Vasilevskiy
76%
27John Carlson
75%
31Mark Stone
75%
49Johnny Gaudreau
75%
29Mikko Rantanen
75%
16Mark Scheifele
72%
37Carey Price
72%
35Seth Jones
71%
15Connor Hellebuyck
70%
32Quinn Hughes
69%
50Tuukka Rask
68%
33Ryan O'Reilly
66%
22Cale Makar
66%
21Mika Zibanejad
66%
48Taylor Hall
62%
28Alex Pietrangelo
60%
36Kyle Connor
57%
41Andrei Svechnikov
54%
44Zach Werenski
50%
42Sean Couturier
49%
47Dougie Hamilton
48%
39Miro Heiskanen
46%
43J.T. Miller
41%

Score Distribution

Percentile by Number Answered

Percent of People with Each Score

Your Score History

You have not taken this quiz since the last reset